| 000 | 01764nam a22002777a 4500 | ||
|---|---|---|---|
| 005 | 20170202163951.0 | ||
| 008 | 101126t xxu||||| |||| 00| 0 hin d | ||
| 010 | _aB-391398-419 | ||
| 020 |
_a812600956X _c50.00 |
||
| 035 | _aB-391398-419 | ||
| 037 | _bDBAD / PUB | ||
| 037 | _bनार्थ इण्डिया पब्लिशर्स/ | ||
| 040 |
_aDPL _bHN |
||
| 082 | _aक | ||
| 100 |
_aबाण्ड, रस्किन _924459 |
||
| 245 |
_aदेहरा में आज भी उगते हैं हमारे पेड़ / _cरस्किन बाण्ड; सौमित्र मोहन द्वारा अंग्रेज़ी से हिन्दी में अनुदित |
||
| 260 |
_aनई दिल्ली _bसाहित्य अकादेमी _c2009(पु.मु.) |
||
| 270 |
_aरवीन्द्र भवन, 35, फीरोजशाह मार्ग _bनई दिल्ली _e110001 |
||
| 300 |
_a115पृ _c22सेम (अजिल्द) |
||
| 500 | _aसाहित्य अकादेमी द्वारा पुरस्कृत अंग्रेज़ी कहानी-संग्रह | ||
| 520 | _aAW | ||
| 650 |
_aतमिल कथा साहित्य _xहिन्दी में अनुवाद _924460 |
||
| 700 |
_aसौमित्र मोहन _924461 |
||
| 942 |
_2ddc _cHN _hक _mबाण्डर |
||
| 999 |
_c48820 _d48820 |
||